Kingdom of the cursed / (Record no. 363974)
[ view plain ]
| 000 -LEADER | |
|---|---|
| fixed length control field | 01382nam a22003738i 4500 |
| 001 - CONTROL NUMBER | |
| control field | BK0027825526 |
| 003 - CONTROL NUMBER IDENTIFIER | |
| control field | DLC |
| 005 - DATE AND TIME OF LATEST TRANSACTION | |
| control field | 20210819142043.0 |
| 008 - FIXED-LENGTH DATA ELEMENTS--GENERAL INFORMATION | |
| fixed length control field | 210615s2021 nyu d 000 1 eng |
| 010 ## - LIBRARY OF CONGRESS CONTROL NUMBER | |
| LC control number | 2021026308 |
| 020 ## - INTERNATIONAL STANDARD BOOK NUMBER | |
| International Standard Book Number | 9780316428477 : HRD |
| Terms of availability | 18.99 |
| 020 ## - INTERNATIONAL STANDARD BOOK NUMBER | |
| International Standard Book Number | 0316428477 : HRD |
| Terms of availability | 18.99 |
| Qualifying information | (hardcover) |
| Cancelled/invalid ISBN | 9780316428484 |
| Qualifying information | (ebook) |
| Cancelled/invalid ISBN | 9780316400978 |
| Qualifying information | (ebook other) |
| 037 ## - SOURCE OF ACQUISITION | |
| Source of stock number/acquisition | Little Brown & Co, 53 State st 9th Fl, Boston, MA, USA, 02109 |
| Note | SAN 200-2205 |
| 040 ## - CATALOGING SOURCE | |
| Original cataloging agency | DLC |
| Language of cataloging | eng |
| Description conventions | rda |
| Transcribing agency | DLC |
| 050 00 - LIBRARY OF CONGRESS CALL NUMBER | |
| Classification number | PZ7.1.M3648 |
| Item number | Ki 2021 |
| 082 00 - DEWEY DECIMAL CLASSIFICATION NUMBER | |
| Classification number | [Fic] |
| Edition number | 23 |
| 092 ## - LOCALLY ASSIGNED DEWEY CALL NUMBER (OCLC) | |
| Classification number | FIC |
| 100 1# - MAIN ENTRY--PERSONAL NAME | |
| Personal name | Maniscalco, Kerri, |
| Relator term | author. |
| 9 (RLIN) | 5793355 |
| 245 10 - TITLE STATEMENT | |
| Title | Kingdom of the cursed / |
| Statement of responsibility, etc | Kerri Maniscalco. |
| 263 ## - PROJECTED PUBLICATION DATE | |
| Projected publication date | 2110 |
| 264 #1 - Production, Publication, Distribution, Manufacture, and Copyright Notice. | |
| Place of production, publication, distribution, manufacture | New York : |
| Name of producer, publisher, distributor, manufacturer | Little, Brown and Company, |
| Date of production, publication, distribution, manufacture, or copyr | [2021] |
| 300 ## - PHYSICAL DESCRIPTION | |
| Extent | pages cm. |
| 336 ## - Content Type | |
| Content type term | text |
| 337 ## - Media type | |
| Media type term | unmediated |
| 338 ## - Carrier type | |
| Carrier type term | volume |
| 490 0# - SERIES STATEMENT | |
| Series statement | Kingdom of the wicked ; |
| Volume number/sequential designation | 2 |
| 500 ## - GENERAL NOTE | |
| General note | "Jimmy Patterson books." |
| 521 ## - TARGET AUDIENCE NOTE | |
| Target audience note | Ages 14+. |
| Source | Little, Brown and Company. |
| 520 ## - SUMMARY, ETC. | |
| Summary, etc | Emilia, a witch in the Kingdom of Italy, travels to Hell to uncover her twin sister's murderer while combatting her growing affections for the Prince of Wrath. |
| 650 #1 - SUBJECT ADDED ENTRY--TOPICAL TERM | |
| Topical term or geographic name as entry element | Witches |
| Form subdivision | Fiction. |
| 9 (RLIN) | 5673734 |
| 650 #1 - SUBJECT ADDED ENTRY--TOPICAL TERM | |
| Topical term or geographic name as entry element | Supernatural |
| Form subdivision | Fiction. |
| 9 (RLIN) | 5674229 |
| 650 #1 - SUBJECT ADDED ENTRY--TOPICAL TERM | |
| Topical term or geographic name as entry element | Hell |
| Form subdivision | Fiction. |
| 9 (RLIN) | 5675264 |
| 655 #7 - INDEX TERM--GENRE/FORM | |
| Genre/form data or focus term | Novels. |
| Source of term | lcgft |
| Withdrawn status | Lost status | Source of classification or shelving scheme | Damaged status | Not for loan | Collection code | Home library | Current library | Shelving location | Date acquired | Source of acquisition | Serial Enumeration / chronology | Total Checkouts | Total Renewals | Full call number | Barcode | Date last seen | Date checked out | Cost, replacement price | Price effective from | Koha item type |
|---|---|---|---|---|---|---|---|---|---|---|---|---|---|---|---|---|---|---|---|---|
| Dewey Decimal Classification | Young Adult Fiction | Wasatch County Library | Wasatch County Library | Main Floor Teen Area | 10/18/2021 | Micromarketing | #2 Kingdom of the Wicked | 11 | 8 | YA Maniscalco | 34301001809724 | 05/31/2025 | 05/13/2025 | 18.99 | 10/18/2021 | BOOK |
